01776nam a2200433 i 450000100060000000300080000600500170001400600190003100700150005000800410006502000180010602000280012403500220015204000310017405000200020508000100022508200160023510000310025124501550028226400750043730000410051233600290055333700330058233800390061550400290065458800830068359001620076665000390092865000340096765000400100165000440104165000430108565000560112865500270118470000330121179700180124485600630126299900170132581570FINmELB20241217151844.0m o u cr cn|||||||||221128s2019 ck ob 000 0 spa d z9789588988337 a9789588988344q(e-book) a(OCoLC)1355704469 aFINmELBbspaerdacFINmELB14aHD60bM697 2019 a658.504a658.4082231 aMohin, Timothy J.,eautor.10aCambiar las empresas desde adentro :bla guía de una ecologista para trabajar en corporaciones /cTimothy J. Mohin ; traducción de Erika Tanács. 1aBogotá :bColegio de Estudios Superiores de Administración,c2019. a1 recurso en línea (283 páginas) atextobtxt2rdamedia/spa acomputadorabc2rdamedia/spa arecurso en línea2rdacarrier/spa aContiene bibliografía. aDescripción basada en metadatos suministrados por el editor y otras fuentes. aRecurso electrónico. Santa Fe, Arg.: elibro, 2022. Disponible vía World Wide Web. El acceso puede estar limitado para las bibliotecas afiliadas a elibro. 0aSocial responsibility of business. 0aEnvironmental responsibility. 0aManagementxEmployee participation. 4aResponsabilidad social de los negocios. 4aResponsabilidad por el medio ambiente. 4aParticipación en la administración de empresas. 4aLibros electrónicos.1 aTanács, Erika,etraductor.2 aelibro, Corp.40uhttps://elibro.net/ereader/politecnicointernacional/222481 c81570d81570